|
|
|
|
| LEADER |
00000nam0a2200000 4500 |
| 001 |
132815 |
| 005 |
20231031135121.0 |
| 035 |
|
|
|a (RuTPU)RU\TPU\book\143810
|
| 090 |
|
|
|a 132815
|
| 100 |
|
|
|a 20080306d1968 m a0rusy5003 ca
|
| 101 |
0 |
|
|a rus
|
| 102 |
|
|
|a RU
|
| 105 |
|
|
|a a j 001zy
|
| 200 |
1 |
|
|a Изготовление пружин
|e учебное пособие
|f Н. П. Лузгин
|
| 210 |
|
|
|a Москва
|c Высшая школа
|d 1968
|
| 215 |
|
|
|a 200 с.
|c ил.
|
| 320 |
|
|
|a Библиогр.: с. 196.
|
| 610 |
1 |
|
|a изготовление
|
| 610 |
1 |
|
|a пружины
|
| 610 |
1 |
|
|a учебные пособия
|
| 610 |
1 |
|
|a производство
|
| 610 |
1 |
|
|a исходные материалы
|
| 610 |
1 |
|
|a подготовка
|
| 610 |
1 |
|
|a топливо
|
| 610 |
1 |
|
|a нагревательные устройства
|
| 610 |
1 |
|
|a металлы
|
| 610 |
1 |
|
|a рабочие инструменты
|
| 610 |
1 |
|
|a измерительные инструменты
|
| 610 |
1 |
|
|a приспособление
|
| 610 |
1 |
|
|a оборудование
|
| 610 |
1 |
|
|a технология
|
| 610 |
1 |
|
|a механизация
|
| 610 |
1 |
|
|a нагрев
|
| 675 |
|
|
|a 621.88(075.9)
|v 3
|
| 700 |
|
1 |
|a Лузгин
|b Н. П.
|
| 801 |
|
0 |
|a RU
|b RuMRKP
|c 19950704
|g psbo
|
| 801 |
|
1 |
|a RU
|b 63413507
|c 20080306
|g PSBO
|
| 801 |
|
2 |
|a RU
|b 63413507
|c 20180720
|g PSBO
|
| 942 |
|
|
|c BK
|